Zhodnotenie finančnej situácie poisťovne DONAU Versicherungs AG Vienna Insurance Group v období rokov 2003-2007
Charakteristika DONAU Versicherungs AG Vienna Insurance Group. Analýza základných ukazovateľov - výkonové ukazovatele, analýza súvahy a výkazu ziskov a strát, analýza likvidity, rentability, investičnej činnosti.
Gespeichert in:
| 1. Verfasser: | |
|---|---|
| Format: | Buchkapitel |
| Sprache: | Slowakisch |
| Schlagworte: | |
| Tags: |
Keine Tags, Fügen Sie das erste Tag hinzu!
|
MARC
| LEADER | 00000nla$a2200000$$$4500 | ||
|---|---|---|---|
| 001 | 0105660 | ||
| 005 | 20240502072155.3 | ||
| 041 | 0 | |a slo | |
| 044 | |a SK | ||
| 245 | 1 | 0 | |a Zhodnotenie finančnej situácie poisťovne DONAU Versicherungs AG Vienna Insurance Group v období rokov 2003-2007 |c Miroslav Lukáč |
| 520 | |a Charakteristika DONAU Versicherungs AG Vienna Insurance Group. Analýza základných ukazovateľov - výkonové ukazovatele, analýza súvahy a výkazu ziskov a strát, analýza likvidity, rentability, investičnej činnosti. | ||
| 610 | 2 | 0 | |a poisťovne |
| 610 | 2 | 0 | |a Rakúsko |
| 610 | 2 | 0 | |a analýza finančná |
| 610 | 2 | 0 | |a situácia finančná podniku |
| 610 | 2 | 0 | |a ukazovatele finančné |
| 610 | 2 | 0 | |a likvidita podniku |
| 610 | 2 | 0 | |a rentabilita podniku |
| 610 | 2 | 0 | |a solventnosť |
| 100 | 1 | |a Lukáč, Miroslav | |